000 00555nam a2200181Ia 4500
003 GCL
008 140319s9999 xx 000 0 ara d
040 _aGCL /
_cGCL
082 0 4 _a375.001
_bم م
100 1 _aمجدى عزيز ابراهيم
245 1 0 _aمناهج البحث العلمى فى العلوم التربوية والنفسية /
_cمجدى عزيز ابراهيم
300 _a247 ص
490 _aكتاب
_v0
650 0 4 _aالتعليم
650 0 4 _aالمناهج
650 0 4 _aالتخطيط التربوى
942 _2ddc
_cBK
999 _c41299
_d41299